Internet, ¿cómo vamos cambiando? : elaborado a partir de las historias organizacionales de la adopciòn de la Internet (2000-2002)
সংরক্ষণ করুন:
| প্রধান লেখক: | |
|---|---|
| বিন্যাস: | গ্রন্থ |
| ভাষা: | Spanish |
| প্রকাশিত: |
San José, C.R. :
Fundación Acceso,
|
| বিষয়গুলি: | |
| ট্যাগগুলো: |
ট্যাগ যুক্ত করুন
কোনো ট্যাগ নেই, প্রথমজন হিসাবে ট্যাগ করুন!
|
MARC
| LEADER | 00000nam a2200000Ia 4500 | ||
|---|---|---|---|
| 008 | 191212b2015 ||||| |||| 00| 0 spa d | ||
| 999 | |c 892 |d 892 | ||
| 020 | |a 9968-862-08-8 | ||
| 090 | |a 12.06.01 |b 420 | ||
| 100 | |a Camacho Jiménez, Kemly | ||
| 245 | |a Internet, ¿cómo vamos cambiando? : elaborado a partir de las historias organizacionales de la adopciòn de la Internet (2000-2002) | ||
| 260 | |a San José, C.R. : |b Fundación Acceso, | ||
| 300 | |a 96 páginas | ||
| 650 | |a TECNOLOGIA | ||
| 650 | |a NUEVA TECNOLOGIA | ||
| 650 | |a CULTURA ORGANIZACIONAL | ||
| 650 | |a COMUNICACION ORGANIZACIONAL | ||
| 650 | |a GENERACION DE CONOCIMIENTO | ||
| 650 | |a ESTUDIO ETNOGRAFICO | ||
| 650 | |a SOCIEDAD CIVIL | ||
| 651 | |a AMERICA CENTRAL | ||
| 942 | |i 00738 ,00765 |h 12.06.01 420 |2 z |c 01 | ||



